| 000 | 00448nam a22001697a 4500 | ||
|---|---|---|---|
| 005 | 20180813112403.0 | ||
| 008 | 160521b xxu||||| |||| 00| 0 eng d | ||
| 020 | _a81-203-0669-4 | ||
| 041 | _aeng | ||
| 082 |
_b3738 _a658.7 |
||
| 100 |
_aGOPALAKRISHNAN, P. AND BANERJI, A.K. _94774 |
||
| 245 | _aMAINTENANCE AND SPARE PARTS MANAGEMENT | ||
| 260 |
_aNew Delhi _bPHI, _c2004 |
||
| 300 | _a378p, | ||
| 650 |
_aDIPLOMA ENGINEERING _9817 |
||
| 942 | _cBK | ||
| 999 |
_c1294 _d1294 |
||